Mantenimiento de máquinas eléctricas

Gardado en:
Detalles Bibliográficos
Autor Principal: Manzano Orrego, Juan José (autor)
Formato: Libro
Idioma:Lingua castelá
Publicado: Madrid Paraninfo 2000
Edición:2a. ed
Series:Equipos e Instalaciones Electrotécnicas
Subjects:
Tags: Engadir etiqueta
Sen Etiquetas, Sexa o primeiro en etiquetar este rexistro!

MARC

LEADER 00000nam a2200000 a 4500
001 UCL9435
003 CL-VaPUC
008 040806e20000000SP |||||||||||||||||spa|d
020 |a 842832526X 
082 0 4 |a 621.313  |b MAN  |2 21 
100 |a Manzano Orrego, Juan José  |e autor  |9 561575 
245 1 0 |a Mantenimiento de máquinas eléctricas 
250 |a 2a. ed 
300 |a 135 p 
942 |c BK 
945 |d 20040806 00:00:00  |a cmena 
260 |a Madrid  |b Paraninfo  |c 2000 
650 0 |a Máquinas eléctricas  |9 260079 
650 7 |a MANTENCION Y REPARACION  |2 CL-VaPUC  |9 487277 
650 0 |a Maquinaria  |9 260482 
650 0 |a Transformadores  |9 345471 
650 0 |a Circuitos eléctricos   |9 260262 
583 |a last modification  |c 20040806 00:00:00  |k Rodrigo Vera 
490 0 |a Equipos e Instalaciones Electrotécnicas 
999 |c 310228  |d 310226 
952 |0 0  |1 0  |2 ddc  |4 0  |6 621_313000000000000_MAN_2000  |7 0  |8 A  |9 378496  |a BIBING  |b BIBING  |c RES  |d 2019-11-21  |i 4047540  |o 621.313 MAN 2000  |p 4047540  |r 2025-01-20  |w 2019-11-21  |y BK  |k EIE 
952 |0 0  |1 0  |2 ddc  |4 0  |6 621_313000000000000_MAN_2000  |7 0  |8 A  |9 378497  |a BIBING  |b BIBING  |c RES  |d 2019-11-21  |i 4047559  |o 621.313 MAN 2000  |p 4047559  |r 2025-01-20  |w 2019-11-21  |y BK  |k EIE